000 00675nam a2200289Ia 4500
005 20260324130737.0
008 008 260324s9999 xx 000 0 eng d
020 _a9781315599427
037 _aEBOOK
040 _aCRL
040 _beng
040 _cCRL
041 _2eng
041 _aeng
084 _qCRL
100 _aSiân Reynolds
_91182933
245 0 _aParis-Edinburgh
245 0 _bCultural Connections in the Belle Epoque
260 _bTaylor and Francis
260 _c2007
365 _a
365 _b240
856 _uhttp://www.taylorfrancis.com/books/9781315599427
942 _cEBOOK
999 _c1779373
_d1779373